Animal Crossing - les Villageois Chevaux [avec image] - Statistiques

Statistiques générales
  • Ce quiz a été pris 21 fois
  • Le résultat moyen est 9 sur 17
Statistiques - réponses
Par images Réponse % Correct
Lico
93%
Anne
67%
Savana
67%
Dorian
60%
Victoria
60%
Âne-lise
53%
Cléa
53%
Épona
53%
Jennifer
53%
Martin
47%
Rosco
47%
Bourrico
40%
Édouard
40%
Prune
40%
Tony
40%
Daniel
33%
Palomina
13%
Aucun quiz correspondant
Distribution des résultats
% des personnes avec chaque résultat
Percentile par nombre de réponses
Votre historique - résultats
Vous n’avez pas pris ce quiz